Statistics for Държавни глави на България

Click here to take the quiz!

General Stats

  • This quiz has been taken 138 times
  • The average score is 25 of 53

Answer Stats

Team% Correct
Румен Радев
95%
Аспарух
93%
Борис
91%
Симеон
89%
Тервел
87%
Петър
87%
Тодор Живков
83%
Иван Асен
82%
Крум
82%
Росен Плевнелиев
81%
Омуртаг
78%
Георги Първанов
77%
Калоян
74%
Фердинанд
73%
Самуил
71%
Петър Стоянов
68%
Иван Шишман
68%
Желю Желев
64%
Александър Батенберг
63%
Пресиан
60%
Ивайло
56%
Георги Димитров
55%
Иван Александър
51%
Борил
48%
Иван Срацимир
46%
Владимир
46%
Маламир
46%
Вълко Червенков
40%
Кардам
39%
Петър Младенов
35%
Телериг
35%
Георги Тертер
33%
Иван Владислав
30%
Роман
29%
Чака
29%
Гаврил Радомир
26%
Токту
24%
Севар
21%
Телец
20%
Теодор Светослав
20%
Кормисош
19%
Умор
19%
Смилец
18%
Константин Асен
18%
Винех
17%
Паган
17%
Сабин
15%
Михаил Шишман
15%
Михаил Асен
14%
Коломан Асен
14%
Кормесий
12%
Мицо Асен
11%
Иван Стефан
10%

Score Distribution

Percentile by Number Answered

Percent of People with Each Score

Your Score History

You have not taken this quiz